[Event "Medimurska CupT"]
[Site "Croatia"]
[Date "2019.02.17"]
[Round "2.2"]
[White "Juric, Danijel"]
[Black "Maltar, Alberto"]
[Result "0-1"]
[WhiteElo "1916"]
[BlackElo "2018"]
[PlyCount "94"]
[EventDate "2019.02.10"]
[EventType "team-swiss"]
[EventRounds "6"]
[EventCountry "CRO"]
[SourceTitle "EXT 2020"]
[Source "ChessBase"]
[SourceDate "2019.10.17"]
[SourceVersion "1"]
[SourceVersionDate "2019.10.17"]
[SourceQuality "1"]

1. Nf3 Nf6 2. d4 c5 3. c3 b6 4. g3 Bb7 5. Bg2 cxd4 6. cxd4 g6 7. Nc3 Bg7 8. 0-0 0-0 9. Bf4 d6 10. Re1 Ne4 11. Nxe4 Bxe4 12. Qd2 Nd7 13. Bh6 Nf6 14. Rac1 Qd7 15. Bxg7 Kxg7 16. Ng5 Bxg2 17. Kxg2 h6 18. Nf3 Qb7 19. Kg1 Rfc8 20. Rxc8 Rxc8 21. Rc1 Rxc1+ 22. Qxc1 Qa6 23. Qe3 Qxa2 24. Qxe7 Qxb2 25. Qxd6 Qxe2 26. Qf4 Nd5 27. Qe5+ Qxe5 28. Nxe5 b5 29. Nc6 a6 30. Kf1 Kf6 31. Ke2 Ke6 32. Kd3 f6 33. Na5 Kd6 34. Ke4 Nb4 35. g4 Kc7 36. h4 Kb6 37. Nb3 a5 38. h5 gxh5 39. gxh5 a4 40. Na1 Kc6 41. Kf5 Nd5 42. Kg6 b4 43. Kxh6 b3 44. Kg7 b2 45. h6 bxa1Q 46. h7 Qxd4 47. h8Q f5+ 0-1

[Event "CRO-chT2 East"]
[Site "Croatia"]
[Date "2014.04.26"]
[Round "1.26"]
[White "Ivankovic, Marko"]
[Black "Juric, Danijel"]
[Result "1-0"]
[WhiteElo "1965"]
[BlackElo "1905"]
[PlyCount "137"]
[EventDate "2014.04.26"]
[EventType "team-tourn"]
[EventRounds "11"]
[EventCountry "CRO"]
[SourceTitle "EXT 2019"]
[Source "ChessBase"]
[SourceDate "2018.10.10"]
[SourceVersion "1"]
[SourceVersionDate "2018.10.10"]
[SourceQuality "1"]

1. e4 d5 2. exd5 Qxd5 3. Nc3 Qa5 4. d4 c6 5. Bd3 Nf6 6. Nge2 Bg4 7. f3 Bh5 8. Nf4 e6 9. Nxh5 Nxh5 10. Be3 Bd6 11. Qd2 Qc7 12. 0-0-0 Bf4 13. Ne4 Nd7 14. Bxf4 Qxf4 15. Qxf4 Nxf4 16. Nd6+ Ke7 17. Nxb7 a5 18. Be4 Rhc8 19. g3 Ne2+ 20. Kb1 Rab8 21. Nxa5 Nc3+ 22. Ka1 Nxd1 23. Nxc6+ Rxc6 24. Bxc6 Rxb2 25. Be4 Nf2 26. Rf1 Rb4 27. Rxf2 Rxd4 28. Kb2 Nc5 29. Re2 Na4+ 30. Kb3 Nc5+ 31. Kc3 Ra4 32. Kb2 Rb4+ 33. Ka1 Na4 34. Re3 Rd4 35. Rd3 Rc4 36. Re3 g6 37. a3 Kd6 38. Rd3+ Kc7 39. Rb3 Nc5 40. Rb4 Rc3 41. Kb2 Re3 42. Rc4 Kb6 43. Rb4+ Ka5 44. Bc6 Ka6 45. a4 f5 46. a5 Ka7 47. Rc4 Na6 48. Bb5 Re5 49. Bxa6 Kxa6 50. Ra4 Re2 51. h4 e5 52. Kc1 Re3 53. f4 exf4 54. gxf4 Rh3 55. c4 Rxh4 56. c5 Rh3 57. Kb2 Rd3 58. Kc2 Rd7 59. Kc3 Kb5 60. Rc4 Kxa5 61. c6 Rc7 62. Kd4 Kb6 63. Kd5 Rc8 64. Rb4+ Ka5 65. Rb1 h5 66. Kd6 h4 67. Kd7 Rh8 68. c7 Rh7+ 69. Kc6 1-0

[Event "Osijek Baranja CupT 6th"]
[Site "Osijek"]
[Date "2013.03.09"]
[Round "3.4"]
[White "Kovacevic, Srecko"]
[Black "Juric, Danijel"]
[Result "1/2-1/2"]
[WhiteElo "2095"]
[BlackElo "1904"]
[PlyCount "107"]
[EventDate "2013.03.08"]
[EventType "team-tourn"]
[EventRounds "5"]
[EventCountry "CRO"]
[SourceTitle "EXT 2014"]
[Source "ChessBase"]
[SourceDate "2013.11.20"]
[SourceVersion "1"]
[SourceVersionDate "2013.11.20"]
[SourceQuality "1"]

1. d4 e5 2. dxe5 Nc6 3. Nf3 Qe7 4. Nc3 Nxe5 5. Nd5 Nxf3+ 6. gxf3 Qd6 7. Bf4 Qc5 8. Nxc7+ Kd8 9. Nxa8 d6 10. Qd2 b6 11. Qc3 Qxc3+ 12. bxc3 Bb7 13. Nxb6 axb6 14. e4 Nf6 15. Bc4 d5 16. exd5 Ba3 17. 0-0 Kc8 18. Rad1 Rd8 19. Bg5 Rd6 20. Bf4 Rd8 21. Rd3 Nd7 22. Rfd1 g5 23. Bg3 h5 24. h3 f5 25. f4 h4 26. Bh2 g4 27. Re3 Bc5 28. Rd4 Nf6 29. Re5 Bxd4 30. cxd4 Ne4 31. hxg4 Nd2 32. Be2 Bxd5 33. Rxf5 Bf3 34. Ba6+ Kd7 35. g5 Be4 36. Bb5+ Ke7 37. Re5+ Kf7 38. Rxe4 Nxe4 39. d5 Ke7 40. c4 Nd6 41. f5 Nxb5 42. cxb5 Rxd5 43. f6+ Kf7 44. Bf4 Rxb5 45. Kg2 Ra5 46. Kh3 Ra4 47. Bc7 b5 48. f4 Rxa2 49. Kxh4 Kg6 50. Kg4 Rg2+ 51. Kf3 Rc2 52. Bd6 Rc1 53. Be7 Rc4 54. f5+ 1/2-1/2

[Event "CRO-chT3B Center North"]
[Site "Croatia"]
[Date "2012.10.27"]
[Round "9.42"]
[White "Juric, Danijel"]
[Black "Jelic, Neven"]
[Result "0-1"]
[WhiteElo "1901"]
[BlackElo "2092"]
[PlyCount "38"]
[EventDate "2012.04.14"]
[EventType "team-tourn"]
[EventRounds "9"]
[EventCountry "CRO"]
[SourceTitle "EXT 2013"]
[Source "ChessBase"]
[SourceDate "2012.11.22"]
[SourceVersion "1"]
[SourceVersionDate "2012.11.22"]
[SourceQuality "1"]

1. d4 Nf6 2. c4 e6 3. Nf3 Bb4+ 4. Bd2 Qe7 5. a3 Bxd2+ 6. Nbxd2 d6 7. e3 0-0 8. Bd3 e5 9. Qc2 Bg4 10. dxe5 dxe5 11. Ng5 h6 12. Nh7 Rd8 13. Nxf6+ Qxf6 14. Be4 c6 15. 0-0 Nd7 16. b4 a5 17. h3 Be6 18. f4 exf4 19. Rxf4 Qxa1+ 0-1

[Event "CRO-chT3B Center North"]
[Site "Croatia"]
[Date "2012.10.13"]
[Round "7.32"]
[White "Juric, Danijel"]
[Black "Nagrajsalovic, Miroslav"]
[Result "0-1"]
[WhiteElo "1901"]
[BlackElo "2232"]
[PlyCount "126"]
[EventDate "2012.04.14"]
[EventType "team-tourn"]
[EventRounds "9"]
[EventCountry "CRO"]
[SourceTitle "EXT 2013"]
[Source "ChessBase"]
[SourceDate "2012.11.22"]
[SourceVersion "1"]
[SourceVersionDate "2012.11.22"]
[SourceQuality "1"]

1. d4 Nf6 2. c4 c5 3. e3 g6 4. Nf3 Bg7 5. Nc3 0-0 6. Be2 Nc6 7. 0-0 d5 8. cxd5 Nxd5 9. Bc4 Nb6 10. Bb5 cxd4 11. exd4 Nxd4 12. Nxd4 Qxd4 13. Qe2 Nd5 14. Nxd5 Qxd5 15. Be3 Be6 16. Rad1 Rac8 17. b3 a6 18. Bd3 Qa5 19. Be4 b5 20. Bc5 Bf6 21. b4 Qxa2 22. Rd2 Qb3 23. Rfd1 Bc4 24. Bd3 Bxd3 25. Rxd3 Qc4 26. Qe3 Rc6 27. Rd8 Rxd8 28. Rxd8+ Kg7 29. Rd1 Re6 30. Qh3 Qc2 31. Rf1 a5 32. Be3 Rxe3 33. Qxe3 axb4 34. Rc1 Qb2 35. Rd1 b3 36. Qd3 Qc2 37. Qxc2 bxc2 38. Rc1 b4 39. Rxc2 b3 40. Rc1 b2 41. Rb1 Bd4 42. Kf1 e5 43. Ke2 f5 44. Kd3 g5 45. f3 h5 46. Re1 Kf6 47. g3 f4 48. gxf4 gxf4 49. h4 Ke6 50. Kc4 Be3 51. Kb3 e4 52. fxe4 Ke5 53. Kxb2 Kxe4 54. Kc2 f3 55. Kc3 f2 56. Rf1 Kf3 57. Kd3 Bb6 58. Kd2 Ba5+ 59. Kd3 Be1 60. Kd4 Kg2 61. Rxf2+ Bxf2+ 62. Ke4 Bxh4 63. Kf4 Bg3+ 0-1

[Event "CRO-chT3B Center North"]
[Site "Croatia"]
[Date "2012.10.06"]
[Round "6.42"]
[White "Forstnaric, Zdravko"]
[Black "Juric, Danijel"]
[Result "0-1"]
[WhiteElo "1891"]
[BlackElo "1901"]
[PlyCount "120"]
[EventDate "2012.04.14"]
[EventType "team-tourn"]
[EventRounds "9"]
[EventCountry "CRO"]
[SourceTitle "EXT 2013"]
[Source "ChessBase"]
[SourceDate "2012.11.22"]
[SourceVersion "1"]
[SourceVersionDate "2012.11.22"]
[SourceQuality "1"]

1. d4 d5 2. c4 c6 3. Nc3 Nf6 4. h3 dxc4 5. a4 Nbd7 6. e4 e5 7. Bxc4 exd4 8. Qxd4 Bc5 9. Qd3 0-0 10. Nf3 Qe7 11. 0-0 Ne5 12. Nxe5 Qxe5 13. Be3 Bxe3 14. Qxe3 Be6 15. f4 Qa5 16. Bxe6 fxe6 17. Rad1 Rad8 18. g4 Qb4 19. Rxd8 Rxd8 20. Rf2 Qd4 21. Qe2 Qd3 22. Kg2 Qxe2 23. Rxe2 Kf7 24. Kf3 Rd3+ 25. Re3 Rd2 26. b4 Rh2 27. Kg3 Rc2 28. Kf3 Rb2 29. b5 c5 30. g5 Nd7 31. Rd3 Ke7 32. h4 g6 33. e5 Rb3 34. Re3 Nb6 35. Ne4 Rxe3+ 36. Kxe3 Nd5+ 37. Kf3 c4 38. Nf2 c3 39. Nd3 c2 40. Nc1 Nc3 41. Ke3 Nxa4 42. Kd3 Nb2+ 43. Kxc2 Nc4 44. Kc3 Ne3 45. Ne2 Ng2 46. h5 gxh5 47. Kd3 h4 48. Ke4 h3 49. Kf3 a5 50. Kg3 a4 51. Nc3 a3 52. Kxh3 Nxf4+ 53. Kg4 Ng6 54. Kh5 Nxe5 55. Kh6 Nf7+ 56. Kxh7 Nxg5+ 57. Kg6 Ne4 58. Na2 Kd6 59. Kf7 e5 60. b6 Ng3 0-1

[Event "CRO-chT4B Center North"]
[Site "Croatia"]
[Date "2011.10.16"]
[Round "8.4"]
[White "Juric, Danijel"]
[Black "Stankovic, Sasa"]
[Result "1-0"]
[WhiteElo "1850"]
[BlackElo "1942"]
[PlyCount "51"]
[EventDate "2011.03.27"]
[EventType "team-tourn"]
[EventRounds "11"]
[EventCountry "CRO"]
[SourceTitle "EXT 2014"]
[Source "ChessBase"]
[SourceDate "2013.11.20"]
[SourceVersion "1"]
[SourceVersionDate "2013.11.20"]
[SourceQuality "1"]

1. d4 Nf6 2. c4 g6 3. Nc3 Bg7 4. Nf3 d6 5. Bg5 0-0 6. e3 Nc6 7. Be2 a6 8. Rc1 Bf5 9. 0-0 h6 10. Bh4 g5 11. Bg3 Nh5 12. d5 Nb8 13. Nd4 Nxg3 14. hxg3 Bh7 15. f4 c5 16. Nf3 e6 17. Bd3 Bxd3 18. Qxd3 gxf4 19. gxf4 Qe7 20. dxe6 Qxe6 21. Nd5 Qg4 22. Ne7+ Kh8 23. Qxd6 Nd7 24. Nh2 Qe6 25. Qxe6 fxe6 26. Ng6+ 1-0

[Event "Osijek op"]
[Site "Osijek"]
[Date "2008.12.14"]
[Round "8"]
[White "Sesar, Ante"]
[Black "Juric, Danijel"]
[Result "1-0"]
[WhiteElo "1782"]
[BlackElo "1804"]
[PlyCount "46"]
[EventDate "2008.12.08"]
[EventType "swiss"]
[EventRounds "9"]
[EventCountry "CRO"]
[SourceTitle "CBM 128 Extra"]
[Source "ChessBase"]
[SourceDate "2009.03.05"]
[SourceVersion "2"]
[SourceVersionDate "2009.03.25"]
[SourceQuality "1"]

1. d4 Nf6 2. Nf3 g6 3. c3 c6 4. Bf4 d5 5. e3 Bg7 6. Bd3 0-0 7. 0-0 Nbd7 8. Re1 Ne4 9. Nbd2 f5 10. Rc1 Re8 11. c4 Qb6 12. Qc2 e5 13. dxe5 Nxe5 14. Nxe5 Bxe5 15. Bxe5 Rxe5 16. cxd5 Nxd2 17. Qxd2 cxd5 18. Qc3 Re8 19. Re2 Be6 20. Rce1 Rac8 21. Qd4 Qxd4 22. exd4 a6 23. a3 Kf7 1-0